000 00332nam a2200145Ia 4500
100 _aHavinal/Veerabhadrappa
942 _cBK
366 _f23
245 _aIntroduction to Operation Research
260 _bNew Age Int (P) Ltd
_c2012
082 _a658.4034
_bHAV
300 _a329
546 _aENGLISH
_cInfo.Tech
999 _c27132
_d27132